000 00466nam a22001697a 4500
005 20251108171135.0
008 250721s1981 xx 000 0 ara d
082 1 4 _a296/سهي
100 1 _aديب، سهيل
245 1 0 _aالتوراة بين الوثنية و التوحيد /
264 1 _aبيروت :
_bدار النفائس،
_c1981.
300 _a147ص
650 1 7 _aاليهودية
650 1 7 _aالتوراة
942 _2ddc
_cBK
999 _c57620
_d57620